000 00564nam a2200181Ia 4500
005 20250326125618.0
008 250326s9999 xx 000 0 und d
037 _aTextbook
040 _aFMSL
_beng
_cFMSL
041 _aeng
_2eng
084 _aX9W:8 L8
_qFMSL
100 _aChatterjee N N
245 0 _aPerformance appraisal systems in public enterprises- an evaluation
_cChatterjee N N
260 _aNew Delhi
_bNew Delhi, Standing Conference of Public Enterprises
_c1978
300 _a63p
942 _cTB
_hX9W:8 L8
999 _c1278797
_d1278797